MDQL
is popping MORE tags! Check the
thread
!
Quizzes
Events
Quiz Creation
Community
Videos
Private Events
Remove Ads
Sign In
Join for FREE
Feedback
Dark Mode
Quiz Categories
Sports
Geography
Music
Movies
Television
Just For Fun
Miscellaneous
History
Literature
Language
Science
Gaming
Entertainment
Religion
Holiday
For Kids
Quiz Lab
Recent
Popular Today
Quiz Kudos Today
Editor Picks
Curator Picks
Quizzes by...
Day
Popularity
Type
Ratings
Length
Year
Community
Subscriptions
Recent Discussions
Orange Saloon
Badges
Playlists
Quests
Create
Leaderboards
Showdown
Live 5
Trivia Bingo
Activity
Puzzle Library
Sporcle Events
Private Events
Virtual Trivia
Globe League
Become a Host
Pub Owners
SporcleCon
Opinionation
Our Games
Videos
Blog
Mobile Apps
Partnerships
Remove Ads and Go Orange
Feedback
Miscellaneous
Crossword
General Knowledge
Baby Names
Logo
Food
Cars
Numbers
Grab Bag
University
College
Popular
Company
Slogans
Restaurants
Justice
Letter
Miscellaneous
Crossword
General Knowledge
Baby Names
Logo
Food
Cars
Numbers
Grab Bag
University
College
Popular
Company
Slogans
Restaurants
Justice
Letter
Random Quiz
Search Sporcle
×
Quiz Lab
Quiz Lab
Miscellaneous
Type in answers that appear in a list
Type in answers that appear in a list
Classic
Best Score? Go Orange.
100-1 Quiz Stats
Can you name the Numbers 100-1 In Order??
By
tommynine9
60s
100 Questions
132 Plays
132 Plays
132 Plays
Comments
Comments
Give Quiz Kudos
Give Quiz Kudos
-
- Ratings
hide this ad
Forced Order
Answers have to be entered in order
Answers have to be entered in order
Replay
Link that replays current quiz
Next Quiz
Link to next quiz in quiz playlist
You Got
0%
They Got
Avg Score
84%
Avg Friend Score
Upgrade to see
Score Distribution
Jump to the score distribution portion of the page
Score
0/100
Timer
01:00
0
Plays Today
Number
% Correct
90
100%
100
100%
99
100%
98
100%
97
100%
96
100%
95
100%
94
100%
93
100%
92
100%
91
100%
89
100%
88
100%
87
100%
86
100%
85
100%
84
100%
83
100%
82
100%
81
100%
80
99.2%
79
99.2%
78
99.2%
77
99.2%
76
98.5%
75
98.5%
74
98.5%
73
98.5%
72
98.5%
71
98.5%
70
97.7%
69
96.2%
68
96.2%
67
96.2%
Number
% Correct
66
96.2%
65
96.2%
64
96.2%
63
96.2%
62
96.2%
61
96.2%
60
96.2%
59
96.2%
58
96.2%
57
96.2%
56
96.2%
55
96.2%
54
96.2%
53
96.2%
52
96.2%
51
96.2%
50
96.2%
49
94.7%
48
94.7%
47
93.9%
46
93.2%
45
93.2%
44
93.2%
43
93.2%
42
92.4%
41
90.9%
40
87.9%
39
84.8%
38
83.3%
37
83.3%
36
83.3%
35
83.3%
34
83.3%
33
81.8%
Number
% Correct
32
81.8%
31
81.1%
30
81.1%
29
79.5%
28
79.5%
27
77.3%
26
76.5%
25
76.5%
24
75.8%
23
75%
22
73.5%
21
72%
20
71.2%
19
66.7%
18
65.9%
17
62.1%
16
61.4%
15
60.6%
14
60.6%
13
60.6%
12
59.1%
11
56.8%
10
53%
8
37.9%
7
37.9%
9
37.1%
6
35.6%
5
34.8%
4
34.1%
3
33.3%
2
33.3%
1
32.6%
Quiz Playlist
Details
Report
Send in Message
Add To Playlist
Classic:
Type in answers that appear in a list
Forced Order:
Answers have to be entered in order
Last Updated: Feb 16, 2017
Quiz Scoreboard
CHALLENGE
Sign Up to Join the Scoreboard
Show All
Scores
Hide
Comments
May contain spoilers
Recently Published
1-10 Letter E Words III
by El_Dandy
Language
2m
Street Fighter Characters
by Artimus82
Gaming
60s
College Basketball Coaching Resumes
by pancakes188
Sports
9m
More to Explore
Quiz From the Vault
Featured Blog Post
Where Did the Easter Bunny Come From?
hide this ad
You Might Also Like...
Tags
This quiz does not have any tags.
Today's Top Quizzes in Miscellaneous
Browse Miscellaneous
hide this ad
Top Contributed Quizzes in Miscellaneous
1
5-to-1: Fast Food
2
The JOE quick-fire general knowledge quiz: Day 174
3
The JOE quick-fire general knowledge quiz: Day 173
4
5-to-1: Cocktails
5
The JOE quick-fire general knowledge quiz: Day 172
6
9x9 Crossword: Disney Movie Titles
7
9x9 Crossword: Charlie and the Chocolate Factory
8
Sunday Crossword: Famous Bodies of Water
9
The JOE quick-fire general knowledge quiz: Day 171
10
9x9 Crossword: Flags
Explore More
Trending Topics
Marvel
NBA
Harry Potter
Disney
Anime
Crossword
Kpop
Soccer
NFL
The Office
Country
Song
WWE
Puzzle
Pokémon
hide this ad
More By:
tommynine9
Quiz
Plays
Rating
Category
Featured
Created
United Airlines' Current Fleet
2,294
1.38
Miscellaneous
Sep 24, 2009
List of United Airlines Hubs/Former Hubs
1,429
3.00
Miscellaneous
Sep 24, 2009
James Bond Movies
596
3.78
Entertainment
Sep 24, 2009
United Express Carriers
28
3.67
Miscellaneous
Sep 24, 2009
Go to Creator's Profile
Score Distribution
Quiz Creator Spotlight
tommynine9
Follow
Send a Message
Quizzes Created
-
Created Quiz Play Count
-
More By This Creator
Popular Quizzes Today
1
Find the US States - No Outlines Minefield
2
Find the Countries of Europe - No Outlines Minefield
3
The Countries of the World
4
Find the US States
5
Risky Map Clicking: Biggest States A-Z
6
US States
7
Popular People in 1961
8
Movies - When Are They Set?
More Miscellaneous Quizzes
World Cuisine 3: Mozambique
Quiz Lab
Trending Quizzes
Risky Map Clicking: Least Populous States A-Z
USA Borders Longest to Shortest
1-10 Letter G Words
1-10 Letter F Words
Countries of the World: 200 Million BC
Recently Updated
Beyoncé Albums
pecheneg
Leaping Animals
pecheneg
Reality TV Shows (A-Z)
bhenderson79
Rickey Henderson's Hall of Fame Teammates
pecheneg
Champions League XIs: Arsenal
pecheneg
Quick Pick: Celebrities in WWE's Hall of Fame
aduchscher
A-Z Keypad Blitz II
pecheneg
Multiple Oscar Actors
pecheneg
Mystery Phrase Blitz: Oscar 'Best Actors'
pecheneg
F. Scott Fitzgerald Novels
LTH
Trending Topics
Kpop
Disney
Crossword
Marvel
Anime
NBA
Harry Potter
Soccer
Song
Puzzle
WWE
NFL
The Office
Pokémon
Country
Your Account Isn't Verified!
In order to create a playlist on Sporcle, you need to verify the email address you used during registration. Go to your
Sporcle Settings
to finish the process.
Report this User
Report this user for behavior that violates our
Community Guidelines
.
Details:
Send Report
Go to the Sporcle.com Mobile Site →
Comments